| 000 | 02092cam0 2200433 ib4500 | ||
|---|---|---|---|
| 001 | BY-NLB-br0000787537 | ||
| 005 | 20260319112118.0 | ||
| 010 |
^a978-5-17-036344-5 ^d3 р. |
||
| 010 |
^a978-5-271-13293-3 ^bАстрель |
||
| 010 |
^a978-985-16-2716-1 ^bХарвест |
||
| 035 | ^a(BY-MI0004)BY-NLB-br0000787537 | ||
| 100 | ^a20230912d2012 m y0rusy50 ca | ||
| 101 | 0 | ^arus | |
| 102 | ^aRU | ||
| 105 | ^aa z 000zy | ||
| 109 | ^ama | ||
| 200 | 1 |
^aЗаписки охотника ^aАся ^e[избранные главы ^eдля среднего школьного возраста] ^fИван Тургенев ^gхудожники В. Челак, Е. Бем |
|
| 210 |
^aМосква ^cАСТ ^cАстрель ^d2012 |
||
| 215 |
^a285, [2] c. ^cил. ^d21 см |
||
| 225 | 1 | ^a"Внеклассное чтение | |
| 300 | ^aИзд. при участии ООО "Харвест" (Минск) | ||
| 327 | 1 | ^aСодержание: Хорь и Калиныч ; Ермолай и мельничиха ; Малиновая вода ; Льгов ; Бежин луг ; Касьян с Красивой Мечи ; Бурмистр ; Контора ; Бирюк ; Свидание ; Ася : повесть | |
| 333 | ^a12 + | ||
| 345 | ^93 000 экз. | ||
| 464 | 0 |
^12001 ^aЗаписки охотника |
|
| 464 | 0 |
^12001 ^aАся |
|
| 606 |
^aРУССКАЯ ЛИТЕРАТУРА ^3BY-NLB-ar28702 ^2DVNLB |
||
| 608 |
^3BY-NLB-ar23936 ^aПОВЕСТЬ ^2BYGNR |
||
| 608 |
^3BY-NLB-ar27475 ^aРАССКАЗ ^2BYGNR |
||
| 686 |
^a84(2Рос)5 ^2rubbk |
||
| 690 |
^a1 ^2Base ^9BY-MI0004 ^xRSEK |
||
| 700 | 1 |
^3BY-NLB-ar93423 ^aТургенев ^bИ. С. ^gИван Сергеевич ^cписатель ^f1818-1883 |
|
| 702 | 1 |
^3BY-SEK-137356 ^aЧелак ^bВ. ^4440 |
|
| 702 | 1 |
^3BY-SEK-905834 ^aБем ^bЕ. М. ^gЕлизавета Меркурьевна ^f1843-1914 ^4440 |
|
| 801 | 0 |
^aBY ^bBY-HM0000 ^c20230912 ^gpsbo |
|
| 801 | 2 |
^aBY ^bBY-MI0004 ^c20260312 ^gpsbo |
|
| 899 |
^aBY-MI0004 ^h84(2Рос)5 ^iТ 87 |
||